000
00191 a2200097 4500
041
_a
spa
100
_a
Ignacio Larraąga
245
_a
Encuentro manual de Oracion
942
_c
BK
952
_7
1
999
_c
23606
_d
23606